| 000 | 01437nam a2200349Ia 4500 | ||
|---|---|---|---|
| 001 | ebr10554054 | ||
| 003 | CaPaEBR | ||
| 006 | m u | ||
| 007 | cr cn||||||||| | ||
| 008 | 070122t20072006lauabc sb s001 0 eng d | ||
| 010 | _z 2004000584 | ||
| 020 | _z0807131911 | ||
| 020 | _z9780807131916 | ||
| 020 | _z9780807148181 | ||
| 040 |
_aCaPaEBR _cCaPaEBR |
||
| 035 | _a(OCoLC)794490983 | ||
| 050 | 1 | 4 |
_aE470.5 _b.D355 2007eb |
| 100 | 1 |
_aDaniel, Larry J., _d1947- |
|
| 245 | 1 | 0 |
_aDays of glory _h[electronic resource] : _bthe Army of the Cumberland, 1861-1865 / _cLarry J. Daniel. |
| 250 | _aLouisiana pbk ed. | ||
| 260 |
_aBaton Rouge : _bLouisiana State University Press, _c2007, c2006. |
||
| 300 |
_axviii, 490 p. : _bill., maps, ports. |
||
| 504 | _aIncludes bibliographical references and index. | ||
| 533 |
_aElectronic reproduction. _bPalo Alto, Calif. : _cebrary, _d2013. _nAvailable via World Wide Web. _nAccess may be limited to ebrary affiliated libraries. |
||
| 610 | 1 | 0 |
_aUnited States. _bArmy of the Cumberland. |
| 651 | 0 |
_aUnited States _xHistory. |
|
| 651 | 0 |
_aUnited States _xHistory _yCivil War, 1861-1865 _xCampaigns. |
|
| 651 | 0 |
_aUnited States _xHistory _yCivil War, 1861-1865 _xRegimental histories. |
|
| 655 | 7 |
_aElectronic books. _2local |
|
| 710 | 2 | _aebrary, Inc. | |
| 856 | 4 | 0 |
_uhttp://site.ebrary.com/lib/rucke/Doc?id=10554054 _zAn electronic book accessible through the World Wide Web; click to view |
| 999 |
_c90917 _d90917 |
||